Les Bains de Girone : guie descriptive / par J. Puig i Cadafalch guie descriptive / par J. Puig i Cadafalch
Descripción Física:
27 p. : il. ; 17 cm
Materias:
Banys públics -- Girona -- Guies
MARC
| LEADER | 00000nam a2200000Ia 4500 | ||
|---|---|---|---|
| 001 | 11420 | ||
| 008 | 160829s1936 xx 000 0 cat d | ||
| 080 | |a RF-1-76 | ||
| 100 | |a Puig i Cadafalch, Josep, |d 1867-1956 |9 20980 | ||
| 245 | |a Les Bains de Girone : |b guie descriptive / par J. Puig i Cadafalch | ||
| 260 | |a Barcelona : |b Institut d'Estudis Catalans (Imp. Casa de Caritat), |c 1936 | ||
| 300 | |a 27 p. : |b il. ; |c 17 cm | ||
| 650 | |a Banys públics |x Girona |x Guies |9 25730 | ||
| 710 | 2 | |a Institut d'Estudis Catalans |9 52284 | |
| 856 | 4 | |u https://media.diba.cat/diba/fitxers/arxiu/fulletons/bib_11420_baixa.pdf |y Accés lliure | |
| 856 | 4 | |u https://media.diba.cat/diba/fitxers/arxiu/fulletons/bib_11420_baixa.pdf |y Accés lliure | |
| 901 | |a Arxiu | ||
| 942 | |n 1 |2 udc | ||
| 952 | |0 0 |1 0 |4 0 |6 RF176 |7 1 |9 43767 |a Arxiu |b Arxiu |d 2016-12-01 |l 0 |o RF-1-76 |p 11420 |r 2016-12-01 00:00:00 |w 2016-12-01 |y ARXIU | ||
| 999 | |c 46315 |d 46315 | ||
| 900 | |a bib_11420_baixa.pdf | ||